000 00315nam a2200121Ia 4500
005 20260326100045.0
008 260326s9999||||xx |||||||||||||| ||und||
100 _aVilamajó, Julián
245 0 _aLa Casa del Arquitecto /
_cJulián Vilamajó
260 _bMatutina
650 _aARQUITECTURA RESIDENCIAL
942 _cBK
999 _c7166
_d7166